Polscy sportowcy - QUIZ - Statystyki

Ogólne statystyki
  • Ten quiz został rozwiązany 384 razy
  • Średni wynik to 8 z 15
Statystyki odpowiedzi
Zagadnienie Odpowiedź % Poprawnych
Ile goli strzelił Robert Lewandowski w legendarne 9 minut w 2015? 5
100%
W jakiej konkurencji na Igrzyskach Olimpijskich w Tokio czwarte miejsce zajęła Aleksandra Mirosław? wspinaczka łączna
96%
Kto nigdy NIE był trenerem polskiej drużyny piłki nożnej? Jerzy Dudek
78%
Tylko jedna biegaczka w historii Polskiej lekkiej atletyki przebiegła dystans 400m poniżej 50 sekund. Która? (stan na: wiosna 2022) Irena Szewińska
74%
Ile wygranych w konkursach pucharu świata mają łącznie Kamil Stoch i Adam Małysz? 78
70%
Ile razy Polscy sportowcy sięgneli po drużynowe mistrzostwo Europy w lekkiej atletyce? 2
65%
Ilu mistrzów świata ze skoczni normalnej w narciarstwie klasycznym ma Polska? 3
57%
Gdzie odbędą się letnie igrzyska olimpijskie w 2032 roku? Brisbane, Australia
57%
Kto jest najbardziej utytułowaną Polską olimpijką? Irena Szewińska
43%
Jakie miejsca na olimpiadach zajmowała do tej pory Maria Andrejczyk? 2,4
35%
Kto posiada aktualny rekord Polski na dystansie 60m przez płotki mężczyzn? Damian Czykier
35%
Którzy z tych sportowców nigdy nie sięgnęli po olimpijski krążek pomimo bogatej kariery sportowej? Piotr Żyła, Adam Kszczot, Marcin Lewandowki
35%
Jaką dyscyplinę uprawia Paulina Ligarska? 7-bój
30%
W którym roku Polscy atleci przywieźli najwięcej krążków z olimpiady letniej? 1980
17%
Który z poniżej wymienionych siatkarzy nie był w składzie polskiej drużyny na Mistrzostwa Świata w 2018r.? Andrzej Wrona
9%
Nie znaleziono quizów pasujących do podanych kryteriów
Rozkład punktacji
Procent ludzi z każdym wynikiem
Percentyl według liczby udzielonych odpowiedzi
Twoja historia wyników
Nie rozwiązałeś tego quizu